Toutes les Techniques de Riccardo Di Rigo (Shindo) D'Inazuma Eleven - Statistiques

Statistiques générales
  • Ce quiz a été pris 46 fois
  • Le résultat moyen est 9 sur 13
Statistiques - réponses
Réponse Type de quiz Première Utilisation % Correct
Passage Presto ATT GO
94%
Tir Fortissimo TIR GO
91%
Maestro Virtuoso Esprit Guerrier GO
88%
Harmonie Atomique TIR EG GO
85%
Nobunaga Oda MIXIMAX GO CS
82%
Hymne d'Athéna ATT GO CS
79%
Clé de Sol DEF GO GALAXY
71%
Griffon, Seigneur du Règne Animal Esprit Guerrier GO
71%
Propulsion Éphémère TIR GO CS
65%
Paon TOTEM GO GALAXY
62%
Sabre de Feu TIR EG GO
59%
Tir d'Unité TIR FILM
50%
Évolution TIR FILM
47%
Aucun quiz correspondant
Distribution des résultats
% des personnes avec chaque résultat
Percentile par nombre de réponses
Votre historique - résultats
Vous n’avez pas pris ce quiz